000 00542nam a2200193Ia 4500
003 GCL
008 140319s9999 xx 000 0 eng d
040 _aGCL /
_cGCL
082 0 4 _aCC
_b932
_bF R
100 1 _aFRANCE, PETER
245 1 0 _aTHE RAPE OF EGYPT: HOW THE EUROPEANS STRIPPED EGYPT OF ITS HERITAGE ? /
_cFRANCE, PETER
260 _a[S.N] :
_bBARRIE & JENKING ،
_c1991
300 _a240 P
650 0 4 _aARCHAEOLOGY
650 0 4 _aEGYPTOLOGY
650 0 4 _aEGYPT - CIVILIZATION
650 0 4 _aEGYPT - ANTIQUITIES
942 _2ddc
_cBK
999 _c15363
_d15363